Normal view
MARC view
- Riaz, Ayesha
Entry Personal Name
001 - CONTROL NUMBER
- control field: 130691
003 - CONTROL NUMBER IDENTIFIER
- control field: NUST
005 - DATE AND TIME OF LATEST TRANSACTION
- control field: 20250925111438.0
008 - FIXED-LENGTH DATA ELEMENTS
- fixed length control field: 250925|| aca||aabn | a|a d
040 ## - CATALOGING SOURCE
- Original cataloging agency: NUST
- Transcribing agency: NUST
100 ## - HEADING--PERSONAL NAME
- Personal name: Riaz, Ayesha
670 ## - SOURCE DATA FOUND
- Source citation: Work cat.: (NUST): Riaz, Ayesha, What personal perception factors help AI personal assistants build user’s trust and satisfaction among the university students in Pakistan?/
